000 01055nam a2200325 4500
003 DO-SdBPM
005 20260303091725.0
007 ta
008 161115b2007 sp 00| 0 spa d
020 _a9788420448640
040 _aDO-SdBPM
_bspa
_cBPMSU
_erda
_drda
082 0 4 _a823.91
_bD131b 2007
_222
100 1 _aDahl, Roald,
_d1916-1990.
_eautor
_4aut.
245 1 4 _aLas brujas /
_cRoald Dahl ; traducción de Maribel de Juan ; ilustraciones de Quentin Blake.
250 _a51 ed.
260 _c
_g
264 _aMadrid :
_bAlfaguara ,
_c2007
300 _a230 páginas :
_bilustraciones ;
_c21 cm.
336 _atexto
_btxt
_2rdacontent
337 _asin mediación
_bn
_2rdamedia
338 _avolumen
_bn
_2rdacarrier
490 0 _aAlfaguara
590 _aInventariado, 2026/VM
650 7 _aNovela juvenil estadounidense
650 7 _aLiteratura Juvenil estadounidenses
700 1 _aBlake, Quentin,
_eilustración
700 1 _aMaribel de Juan,
_etraducción
910 _aVMateo V. Control de calidad. BPMSU
942 _2ddc
_cBK
999 _c15742
_d15742